000 00731nam a22002417a 4500
003 LK-CoMWRAF
005 20231113125720.0
008 231021b2000 |||||||| |||| 00| 0 eng d
020 _a1565491084
040 _aLK-CoMWRAF
_dLK-CoMWRAF
_eLK-CoMWRAF
041 _aeng
082 _a305.8
_bREC
245 _aReconcilable differences :
_bturning points in ethnopolitical conflict
260 _aWest Hartford:
_bKumarian Press,
_c2000
300 _axvi, 221 p. ; 23 cm.
_bIndex included
650 _a Ethnic relations--Political aspects.
650 _aCulture conflict
650 _aPolitical violence
650 _aConflict management.
700 _a Byrne, Sean
_eed.
700 _a Irvin, Cynthia L.
_eed.
942 _cBK
999 _c3967
_d3967